000 00671nam a2200205Ia 4500
001 15144
003 GE_BSU
008 181216s||||||||xx |||||||||||||| ||und||
040 _cGE_BSU
080 _a821.353.1-4+331.108.54(479.22)
100 _aმალაზონია,ნესტორ
245 _aასმათ ჯიჯავაძე:ნარკვევი
245 _cრედ.კ.რუსიძე
260 _aბათუმი
260 _bაჭარის სახელგამი
260 _c1950
300 _a40გვ.ილ.20სმ.
653 _aასმათ ჯიჯავაძე:ნარკვევი
942 _cBK
999 _c48260
_d48260